000 00673nam a2200205Ia 4500
003 GCL
008 140319s9999 xx 000 0 ara d
040 _aGCL /
_cGCL
082 0 4 _a158.1
_bق خ
100 1 _aقسم الترجمة والنشر بالدار
245 1 0 _a365 خطوة للنجاح /
_cقسم الترجمة والنشر بالدار
700 1 _aالدولية للنشر والتوزيع
300 _a403 ص
490 _aالهيئة العامة للاستعلامات
_v0
650 0 4 _aعلم النفس التطبيقى
650 0 4 _aالنجاح
650 0 4 _aالنجاح الشخصى
650 0 4 _aتحقيق الذات
942 _2ddc
_cBK
999 _c48393
_d48393